00523nam a2200193Ia 450000500170000000800410001702000230005804000190008104100120010008200170011210000180012924500620014726000290020930000260023863000240026465000170028865100140030585000100031920230808104844.0131103s9999 xx 000 0 und d a91211603c5.50 pds aLoreto College aEnglish a920bMOU-HOU aHough,Richard aLouis & Victoriab the first Mountbattens cRichard Hough aLondonbHutchinsonc1974 axviii,401 p.b illus. aEngland - Biography aMountbattens aBiography aLCLIB